000 01186nam a22003137a 4500
003 CHAP
005 20220329135720.0
008 971013s1980 r 00010 d
010 _a41023
011 _a41995
035 _a46122
040 _cCHAP
082 _a338.1
_bF6 1980
110 _aFondo de Garantía y Fomento para la Agricultura, Ganadería y Avicultura. México
_942107
245 _aInstructivo y catálogo de claves para la elaboración del resumen de la evaluación técnica agroindustrial
260 _a(s.l.) :
_b(s.e.),
_c1980
300 _a104 p.
590 _aBATCH-UPD
_b10
_c20130110
_lUCH01
_h1845
590 _aBATCH-UPD
_b10
_c20130410
_lUCH01
_h1215
590 _aBATCH-UPD
_b10
_c20130914
_lUCH01
_h1101
590 _aCONVERSION
_b10
_c20130109
_lUCH01
_h1323
650 1 4 _aCrédito agrícola
_zMéxico.
_929089
650 1 4 _aIndustrias agrícolas
_xMéxico.
_957957
901 _aBK
942 _cLIBRO
949 _a338.1 F6 1980
_bBC
_cLIBRO
_d33724000343117
_eLIBRO
_h51076
_i46122
_mD
_si
949 _a338.1 F6 1980
_bBC
_cLIBRO
_d33724000343125
_eLIBRO
_fc.2
_h51077
_i46122
_mD
_si
949 _a338.1 F6 1980
_bBC
_cLIBRO
_d33724000343133
_eLIBRO
_fc.3
_h59627
_i46122
_si
999 _c41023
_d41023